I want those shoes!

Bibliographic Details
Main Author: Jacobbi, Paola
Format: Book
Published: New York : Scribner , 2004
Subjects:

MARC

LEADER 00000cam a2200000 7i4500
001 0000029750
005 20100810.0
008 100810
020 |a 0743277740 
090 0 0 |a 391.413   |b JAC 
100 1 |a Jacobbi, Paola 
245 1 0 |a I want those shoes!   |c Poala Jacobbi 
260 |a New York :   |b Scribner ,   |c 2004 
650 0 |a Women's shoes 
650 0 |a Women's shoes   |x social aspects 
999 |a 0001046498   |b Book   |c Adult Collection   |e Perbadanan Perpustakaan Awam Johor 
999 |a 0001046499   |b Book   |c Adult Collection   |e Perbadanan Perpustakaan Awam Johor